NIEKTORÉ PROBLÉMY NÁVRHU SANAČNÝCH OPATRENÍ OCHRANNÝCH HRÁDZÍ

Bibliographic Details
Main Authors: Grambličková, Danka, 1950- (Author), Bednárová, Emília, 1950- (Author), Babečka, Ján (Author)
Format: Article
Language:Slovak
ISBN:8022718904

MARC

LEADER 00000naa a2200000uu 4500
001 vtls011073656
003 SK-MaSNL
005 20260302111158.0
008 210910|2003 xo |||||||||||||||||slo|
015 |a SNBRA 
035 |a (urnnbn)urn:nbn:sk:snk:ar-a0ccmt 
035 |a (uuid)df350e80-f3e4-4692-8f7f-287831ec8d95 
035 |a urn:nbn:sk:snk-aaviuw 
040 |a SNKBUCL  |b slo  |c SNKBUCL  |e AACR2 
041 0 |a slo 
044 |a xo  |c SK 
100 1 |a Grambličková, Danka,  |d 1950-  |4 aut  |9 212042 
245 1 0 |a NIEKTORÉ PROBLÉMY NÁVRHU SANAČNÝCH OPATRENÍ OCHRANNÝCH HRÁDZÍ  |c Danka Grambličková, Emília Bednárová, Ján Babečka 
700 1 |a Bednárová, Emília,  |d 1950-  |4 aut  |9 212041 
700 1 |a Babečka, Ján  |4 aut  |9 788254 
773 0 |t Nové metódy v geotechnickom inžinierstve  |d V Bratislave : Slovenská technická univerzita, 2003, 2003  |g S. 248-253  |z 8022718904 
958 |a OND 
958 |a article12 
958 |a chapter 
999 |c 1246613  |d 1248543